000
00325nam a2200133Ia 4500
008
240624s9999 xx 000 0 und d
041
_a
eng
082
_a
823 LEO
100
_a
LEONARD PETER
245
_a
VOICES OF THE DEAD
260
_c
2011
_a
New Delhi
_b
Faber and Faber
300
_a
323 : p. : cm. ; 20
365
_c
RS
_b
25
999
_c
20026
_d
20026